000 00781cab a2200265 4500
001 ABS52108
008 090401t1995 xxu||||| |||| 00| 0 eng d
035 _a(Sirsi) u61208
041 _aeng
100 _aDay, M.
245 _aElectricity : the time to act?
260 _c1995
350 _a0
490 _aSolicitors` Journal
_v139(3) 27 January 1995, 67(1)
520 _aExplains the difficulties involved in litigation over the dangers to health arising from the supply of electricity.
650 _aELECTRICITY CABLES
650 _aELECTROMAGNETIC FIELDS
650 _aHEALTH AND SAFETY
_96244
650 _aHEALTH HAZARDS
650 _aPYLONS
690 _aENVIRONMENTAL AND LAND CONSULTANCY
700 _aCameron, J.
942 _n0
948 _c04/03/1997
999 _c37871
_d37871